000 00533nam a2200181 4500
001 107589
003 ES-MaACL
005 20250823051519.0
007 t|
008 061121s1958 sp r ||||1| gao d
100 1 _aMoreiras, Eduardo.
_983228
245 1 0 _aPaisaxe en rocha viva /
_cEduardo Moreiras ; limiar de Alvaro Cunqueiro.
260 _aVigo :
_bGalaxia,
_c1958.
300 _a66 p. ;
_c21.
700 1 _aCunqueiro, Álvaro,
_d1911-1981
_942188
852 _aES-MaACL
_jC-17742
_bR.42969
999 _c107589
_d107589